00275nam a2200121Ia 4500008004100000041001200041082001000053100002200063245001800085250000900103260003300112650000800145221030s9999 xx 000 0 und d aEnglish a105.6 aDeepa Thakur /231 0aQuick Hiring a2010 bChandigarhaChandigarhc2010 aMCA